[Event "Titled Tuesday intern op 13th Feb Late"]
[Site "Chess.com INT"]
[Date "2024.02.13"]
[Round "3"]
[White "Adam, Rafael"]
[Black "Urbina Perez, Juan Antonio"]
[Result "0-1"]
[WhiteElo "2159"]
[BlackElo "2266"]
[PlyCount "162"]
[EventDate "2024.02.13"]
[EventType "swiss (blitz)"]
[EventRounds "11"]
[EventCountry "USA"]
[SourceTitle "CB08_2024"]
[SourceDate "2024.02.21"]
[SourceVersion "1"]
[SourceVersionDate "2024.02.21"]
[SourceQuality "1"]

1. Nf3 c5 2. g3 g6 3. Bg2 Bg7 4. 0-0 Nc6 5. c4 Nf6 6. Nc3 d6 7. d4 cxd4 8. Nxd4 Bd7 9. Nc2 0-0 10. b3 a5 11. Bb2 Re8 12. Ne3 Be6 13. Qd2 Nd7 14. Ncd5 Bxb2 15. Qxb2 Nb4 16. Nxb4 axb4 17. Bxb7 Ra7 18. Bf3 Ne5 19. Be4 Qb6 20. a4 bxa3 21. Rxa3 Rc7 22. Qd2 Rb8 23. Nd5 Bxd5 24. Bxd5 Qb4 25. Qxb4 Rxb4 26. f4 Ng4 27. Rf3 Kg7 28. Rc3 Nf6 29. Bf3 d5 30. Ra1 dxc4 31. bxc4 Rbxc4 32. Rxc4 Rxc4 33. Kf2 h5 34. h4 e6 35. Ra7 Ne8 36. Ke3 Nd6 37. Kf2 Nf5 38. Ra3 Rb4 39. Rc3 Nd4 40. Rd3 Kf6 41. Ke3 Nf5+ 42. Kf2 Rb2 43. Ra3 Nd4 44. Kg2 Nxe2 45. Bxe2 Rxe2+ 46. Kf3 Rb2 47. Rc3 Rb5 48. Ra3 Rd5 49. Rc3 Kf5 50. Ra3 f6 51. Ra6 e5 52. fxe5 fxe5 53. Ra3 Rc5 54. Re3 Rc4 55. Ra3 e4+ 56. Kg2 Kg4 57. Ra6 Rc2+ 58. Kg1 Kxg3 59. Rxg6+ Kxh4 60. Re6 Rc4 61. Kg2 Kg4 62. Re5 h4 63. Re8 h3+ 64. Kh2 Rc2+ 65. Kg1 h2+ 66. Kh1 Kg3 67. Rg8+ Kf3 68. Rf8+ Ke2 69. Kxh2 Rc7 70. Kg2 Rg7+ 71. Kh2 e3 72. Rd8 Ke1 73. Kh1 e2 74. Kh2 Rg4 75. Kh3 Re4 76. Kg2 Re7 77. Rd6 Rg7+ 78. Kf3 Kf1 79. Rh6 e1Q 80. Rh1+ Rg1 81. Rh2 Qg3+ 0-1

[Event "Montreal Pere Noel op"]
[Site "Montreal"]
[Date "2023.12.29"]
[Round "3"]
[White "Adam, Rafael"]
[Black "Brassard, Sylvain"]
[Result "1-0"]
[WhiteElo "2120"]
[BlackElo "1614"]
[PlyCount "39"]
[EventDate "2023.12.27"]
[EventType "swiss"]
[EventRounds "5"]
[EventCountry "CAN"]
[SourceTitle "CB02_2024"]
[SourceDate "2024.01.10"]
[SourceVersion "1"]
[SourceVersionDate "2024.01.10"]
[SourceQuality "1"]

1. Nf3 d5 2. g3 Nf6 3. Bg2 Bf5 4. 0-0 e6 5. d3 h6 6. c4 c6 7. Qb3 Qb6 8. Qc2 Be7 9. cxd5 exd5 10. Nc3 0-0 11. e4 dxe4 12. dxe4 Bh7 13. Qe2 Rd8 14. Ne5 Qa6 15. Qc4 Qxc4 16. Nxc4 Bb4 17. e5 Bxc3 18. bxc3 Bd3 19. Rd1 Na6 20. Nb2 1-0

[Event "Biel HTO 56th"]
[Site "Biel"]
[Date "2023.07.27"]
[Round "10"]
[White "Adam, Rafael"]
[Black "Perkampus, Laurin"]
[Result "1-0"]
[WhiteElo "2117"]
[BlackElo "2197"]
[PlyCount "105"]
[EventDate "2023.07.17"]
[EventType "swiss"]
[EventRounds "10"]
[EventCountry "SUI"]
[SourceTitle "CBM 215 Extra"]
[Source "ChessBase"]
[SourceDate "2023.09.30"]
[SourceVersion "1"]
[SourceVersionDate "2023.09.30"]
[SourceQuality "1"]

1. e4 c6 2. Nf3 d5 3. d3 dxe4 4. dxe4 Qxd1+ 5. Kxd1 Nf6 6. Nbd2 g6 7. a4 Bg7 8. a5 0-0 9. Ne1 Ng4 10. Nd3 Rd8 11. h3 Rxd3 12. hxg4 Rd8 13. g5 Nd7 14. c3 Nc5 15. Kc2 f5 16. gxf6 exf6 17. Bc4+ Be6 18. Bxe6+ Nxe6 19. Nc4 Bf8 20. f3 Nc7 21. Be3 Na6 22. Rad1 Bc5 23. Bf4 Be7 24. b4 Rxd1 25. Rxd1 Rd8 26. Rxd8+ Bxd8 27. Be3 c5 28. bxc5 Be7 29. c6 bxc6 30. Bxa7 Kf7 31. Kd3 Ke6 32. Nb2 Ke5 33. Bd4+ Ke6 34. Kc4 Bd6 35. Nd3 Bc7 36. Nb4 Bxa5 37. Nxa6 h5 38. Nb8 Bc7 39. Nxc6 g5 40. Nb4 f5 41. Nd5 Bg3 42. Nf6 h4 43. exf5+ Kxf5 44. Ng4 h3 45. gxh3 Kf4 46. Be5+ Kxf3 47. Bxg3 Kxg3 48. Kd5 Kxh3 49. Ne5 g4 50. Nxg4 Kxg4 51. c4 Kf5 52. c5 Kf6 53. Kd6 1-0

[Event "Biel HTO 56th"]
[Site "Biel"]
[Date "2023.07.26"]
[Round "9"]
[White "Adocchio, Giampiero"]
[Black "Adam, Rafael"]
[Result "1-0"]
[WhiteElo "2165"]
[BlackElo "2117"]
[PlyCount "73"]
[EventDate "2023.07.17"]
[EventType "swiss"]
[EventRounds "10"]
[EventCountry "SUI"]
[SourceTitle "CBM 215 Extra"]
[Source "ChessBase"]
[SourceDate "2023.09.30"]
[SourceVersion "1"]
[SourceVersionDate "2023.09.30"]
[SourceQuality "1"]

1. d4 Nf6 2. c4 e6 3. Nc3 d5 4. cxd5 exd5 5. Bg5 c6 6. e3 Nbd7 7. Bd3 Be7 8. Qc2 Nh5 9. Bxe7 Qxe7 10. 0-0-0 Nb6 11. Kb1 Be6 12. Nf3 0-0-0 13. h3 Kb8 14. Rc1 Nf6 15. Ne5 Rc8 16. Qb3 Ne4 17. Qc2 f6 18. Nf3 Bf5 19. Ka1 Rce8 20. Bxe4 dxe4 21. Nd2 Bg6 22. Na4 Nxa4 23. Qxa4 Bf7 24. Nb1 f5 25. Rc5 Bd5 26. Rhc1 Rd8 27. g3 g5 28. Qa3 Qd7 29. b4 a6 30. Nc3 Qe6 31. Qa5 Ka7 32. b5 cxb5 33. Nxb5+ Kb8 34. Nc7 b6 35. Nxa6+ Ka8 36. Nc7+ Kb8 37. Qb5 1-0

[Event "Biel HTO 56th"]
[Site "Biel"]
[Date "2023.07.21"]
[Round "5"]
[White "Adam, Rafael"]
[Black "Ermitsch, Magnus"]
[Result "1/2-1/2"]
[WhiteElo "2117"]
[BlackElo "2232"]
[PlyCount "82"]
[EventDate "2023.07.17"]
[EventType "swiss"]
[EventRounds "10"]
[EventCountry "SUI"]
[SourceTitle "CBM 215 Extra"]
[Source "ChessBase"]
[SourceDate "2023.09.30"]
[SourceVersion "1"]
[SourceVersionDate "2023.09.30"]
[SourceQuality "1"]

1. Nf3 Nf6 2. g3 d5 3. c4 c6 4. Bg2 Bg4 5. d4 e6 6. 0-0 Nbd7 7. Nbd2 Bd6 8. b3 0-0 9. Bb2 Bf5 10. Nh4 Re8 11. Re1 Nf8 12. f3 Ng6 13. Nxf5 exf5 14. e4 fxe4 15. fxe4 dxe4 16. Nxe4 Nxe4 17. Rxe4 Rxe4 18. Bxe4 Qg5 19. Bxg6 hxg6 20. Qe2 Be7 21. Rd1 Rd8 22. Qd2 Qg4 23. Rf1 g5 24. Qf2 Bf6 25. d5 Bxb2 26. Qxb2 cxd5 27. Qf2 Qd7 28. cxd5 Qxd5 29. Qxa7 b5 30. Qf2 f6 31. Qf5 Qd4+ 32. Qf2 Qc3 33. Re1 Rd2 34. Qe3 Qxe3+ 35. Rxe3 Rxa2 36. Re8+ Kf7 37. Rb8 g4 38. Rxb5 Rb2 39. Rb4 f5 40. Rb6 g5 41. Kh1 Kg7 1/2-1/2

[Event "Biel HTO 56th"]
[Site "Biel"]
[Date "2023.07.18"]
[Round "2"]
[White "Urh, Zala"]
[Black "Adam, Rafael"]
[Result "1-0"]
[WhiteElo "2231"]
[BlackElo "2117"]
[PlyCount "123"]
[EventDate "2023.07.17"]
[EventType "swiss"]
[EventRounds "10"]
[EventCountry "SUI"]
[SourceTitle "CBM 215 Extra"]
[Source "ChessBase"]
[SourceDate "2023.09.30"]
[SourceVersion "1"]
[SourceVersionDate "2023.09.30"]
[SourceQuality "1"]

1. e4 c6 2. Nc3 d5 3. Nf3 dxe4 4. Nxe4 Nf6 5. Qe2 Nxe4 6. Qxe4 Nd7 7. Bc4 Nf6 8. Ne5 e6 9. Qe2 b5 10. Bd3 Bb7 11. a4 b4 12. b3 a5 13. Bb2 Bc5 14. Nc4 Ba6 15. 0-0 0-0 16. Bxf6 Qxf6 17. Bxh7+ Kxh7 18. Qh5+ Qh6 19. Qxc5 Bxc4 20. Qxc4 Qxd2 21. Rad1 Qg5 22. Rd7 Rad8 23. Qxc6 Rxd7 24. Qxd7 Qc5 25. Qd3+ Kg8 26. Re1 Rc8 27. Re2 Qc7 28. Rd2 Qe5 29. g3 g6 30. h4 Rc3 31. Qe2 Qc5 32. Kh2 Kg7 33. Qe4 Kg8 34. Kg2 Qc6 35. Qxc6 Rxc6 36. c4 bxc3 37. Rc2 Kf8 38. Kf3 Ke7 39. Ke3 Kd6 40. Kd3 Kd5 41. Rxc3 Rb6 42. Kc2 e5 43. Rd3+ Kc5 44. Rf3 f6 45. g4 Rb4 46. Rc3+ Kd5 47. Rc4 Rb8 48. h5 Rg8 49. Kd3 Rb8 50. Kc3 Rh8 51. hxg6 Rg8 52. b4 axb4+ 53. Rxb4 Rxg6 54. a5 Kc5 55. a6 Rg7 56. Ra4 Ra7 57. Kd3 Kd5 58. Ra5+ Kd6 59. Ke4 Ke6 60. Ra1 Ke7 61. Kd5 Kd7 62. Ra2 1-0

[Event "Montreal Generations"]
[Site "Montreal"]
[Date "2023.04.01"]
[Round "2.4"]
[White "Adam, Rafael"]
[Black "Bolduc, Steve"]
[Result "0-1"]
[WhiteElo "1965"]
[BlackElo "2145"]
[PlyCount "96"]
[EventDate "2023.03.31"]
[EventType "schev"]
[EventRounds "5"]
[EventCountry "CAN"]
[SourceTitle "CBM 213 Extra"]
[Source "ChessBase"]
[SourceDate "2023.05.31"]
[SourceVersion "1"]
[SourceVersionDate "2023.05.31"]
[SourceQuality "1"]
[WhiteTeam "Juniors"]
[BlackTeam "Adults"]
[WhiteTeamCountry "CAN"]
[BlackTeamCountry "CAN"]

1. Nf3 d5 2. g3 Nf6 3. Bg2 g6 4. 0-0 Bg7 5. d4 0-0 6. c4 c6 7. Ne5 dxc4 8. Nxc4 Be6 9. Ne5 Nbd7 10. Nf3 Bd5 11. Nc3 Ne4 12. Bf4 Nxc3 13. bxc3 Re8 14. Qc2 e5 15. dxe5 Nxe5 16. Rfd1 Nxf3+ 17. Bxf3 Qa5 18. Bxd5 cxd5 19. Rd3 Rac8 20. Rc1 d4 21. c4 Re6 22. h4 Rce8 23. e3 Qf5 24. Rb3 Qh3 25. Qd3 dxe3 26. Bxe3 Rxe3 27. fxe3 Qxg3+ 28. Kf1 Qf3+ 29. Ke1 Bh6 30. Qe2 Qh1+ 31. Kd2 Qxh4 32. Rd3 Qe4 33. Rcc3 Bg7 34. Rc2 h5 35. Qf2 Bh6 36. Rcc3 h4 37. Rd7 Qe6 38. Rxb7 h3 39. Rbb3 Qe4 40. Kc1 Qg2 41. Rc2 Qxf2 42. Rxf2 Bxe3+ 43. Rxe3 Rxe3 44. Rc2 Kf8 45. c5 Ke8 46. c6 Kd8 47. Rd2+ Kc8 48. Rf2 f5 0-1

[Event "Montreal Pere Noel op"]
[Site "Montreal"]
[Date "2022.12.28"]
[Round "3"]
[White "Zhong, Kevin"]
[Black "Adam, Rafael"]
[Result "1-0"]
[WhiteElo "2120"]
[BlackElo "2020"]
[PlyCount "99"]
[EventDate "2022.12.27"]
[EventType "swiss"]
[EventRounds "5"]
[EventCountry "CAN"]
[SourceTitle "CBM 211 Extra"]
[Source "ChessBase"]
[SourceDate "2023.01.31"]
[SourceVersion "1"]
[SourceVersionDate "2023.01.31"]
[SourceQuality "1"]

1. e4 e5 2. Nf3 Nc6 3. Bb5 a6 4. Ba4 Nf6 5. 0-0 Nxe4 6. d4 b5 7. Bb3 d5 8. dxe5 Be6 9. c3 Bc5 10. Qd3 0-0 11. Nbd2 Nxd2 12. Bxd2 Ne7 13. Nd4 Bb6 14. Bc2 g6 15. Bg5 Qd7 16. Bf6 h6 17. Qd2 Kh7 18. Nf3 Ng8 19. Qf4 Bg4 20. Nh4 Nxf6 21. exf6 c6 22. h3 Be6 23. Qg3 Qc7 24. Bxg6+ fxg6 25. Qxg6+ Kh8 26. Qxh6+ Qh7 27. Ng6+ Kg8 28. Ne7+ Kh8 29. Ng6+ Kg8 30. Qg5 Rfe8 31. Rae1 Bf7 32. Ne7+ Kh8 33. Kh1 Bc5 34. f4 Bxe7 35. fxe7 Qg7 36. Qh4+ Qh7 37. Qf6+ Qg7 38. Qxc6 Rg8 39. Rf2 Kh7 40. f5 Qg3 41. Qb6 d4 42. Qxd4 Bd5 43. Qxd5 Qxf2 44. Qf7+ Kh6 45. Re6+ Kg5 46. Rg6+ Rxg6 47. Qxg6+ Kf4 48. e8Q Rxe8 49. Qxe8 Kg3 50. Qe5+ 1-0

[Event "Laval op"]
[Site "Laval"]
[Date "2022.06.24"]
[Round "1"]
[White "Chiku Ratte, Olivier Kenta"]
[Black "Adam, Rafael"]
[Result "1-0"]
[WhiteElo "2353"]
[BlackElo "1722"]
[PlyCount "103"]
[EventDate "2022.06.24"]
[EventType "swiss"]
[EventRounds "5"]
[EventCountry "CAN"]
[SourceTitle "EXT 2023"]
[Source "ChessBase"]
[SourceDate "2022.10.05"]
[SourceVersion "1"]
[SourceVersionDate "2022.10.05"]
[SourceQuality "1"]

1. d4 Nf6 2. c4 e6 3. g3 d5 4. Nf3 Be7 5. Bg2 0-0 6. 0-0 dxc4 7. a4 a5 8. Qc2 Bd7 9. Ne5 Bc6 10. Nxc6 Nxc6 11. e3 Nb4 12. Qxc4 c6 13. Nd2 Nd7 14. Nf3 Bd6 15. Bd2 Qe7 16. e4 Rac8 17. Bc3 e5 18. Bh3 exd4 19. Qxd4 f6 20. Bxb4 axb4 21. Rad1 Ne5 22. Nxe5 Bxe5 23. Qc4+ Kh8 24. Bxc8 Rxc8 25. Rd2 c5 26. Rfd1 Qe8 27. Qb5 Bd4 28. Qxe8+ Rxe8 29. Rxd4 cxd4 30. Rxd4 b3 31. Rb4 Kg8 32. f3 Rc8 33. Rxb3 Rc4 34. Rxb7 Rxa4 35. Kf2 Ra1 36. h4 h5 37. Ke3 Rg1 38. Kf4 Kh7 39. b4 Kh6 40. Rb6 Re1 41. b5 Kg6 42. Rc6 Rb1 43. b6 Rb4 44. Ke3 Rb3+ 45. Kd4 Kf7 46. Kc5 Ke7 47. Rc7+ Kd8 48. Rxg7 Rc3+ 49. Kd6 Rd3+ 50. Ke6 Kc8 51. b7+ Kb8 52. f4 1-0

[Event "Francophonie-chT Rapid"]
[Site "Tornelo INT"]
[Date "2022.06.04"]
[Round "5.5"]
[White "Nekrasova, Elena"]
[Black "Adam, Rafael"]
[Result "0-1"]
[WhiteElo "2028"]
[BlackElo "1722"]
[PlyCount "118"]
[EventDate "2022.06.04"]
[EventType "team-swiss (rapid)"]
[EventRounds "11"]
[EventCountry "FRA"]
[SourceTitle "CBM 208 Extra"]
[Source "ChessBase"]
[SourceDate "2022.07.31"]
[SourceVersion "1"]
[SourceVersionDate "2022.07.31"]
[SourceQuality "1"]
[WhiteTeam "Lebanon"]
[BlackTeam "Quebec II"]
[WhiteTeamCountry "LBN"]
[BlackTeamCountry "CAN"]

1. e4 e5 2. Nf3 Nc6 3. Bb5 a6 4. Ba4 Nf6 5. 0-0 Nxe4 6. d4 b5 7. Bb3 d5 8. dxe5 Be6 9. c3 Bc5 10. Nbd2 0-0 11. Bc2 Nxf2 12. Rxf2 f6 13. exf6 Bxf2+ 14. Kxf2 Qxf6 15. Nf1 Ne5 16. Kg1 Nxf3+ 17. Qxf3 Qxf3 18. gxf3 Rxf3 19. Be3 Bh3 20. Bc5 Re8 21. Ng3 g6 22. Rd1 Re6 23. Bd3 c6 24. Bf1 Bg4 25. Rd4 h5 26. Bg2 Re1+ 27. Nf1 Rf7 28. Rd2 Ra1 29. h3 Bf3 30. Bf2 Bxg2 31. Kxg2 Rxa2 32. Ne3 Ra1 33. Bg3 a5 34. Bd6 a4 35. Rf2 Rxf2+ 36. Kxf2 Rb1 37. Ba3 Kf7 38. Nc2 Rh1 39. Kg2 Rb1 40. Nd4 c5 41. Nxb5 Ke6 42. Nc7+ Ke5 43. Na6 c4 44. Nb8 Ke4 45. Nc6 Kd3 46. Ne5+ Kc2 47. Nxg6 Rxb2 48. Nf4 Ra2 49. Bb4 a3 50. Nxd5 Kb3+ 51. Kg3 Rd2 52. Nf4 a2 53. Nxh5 a1Q 54. Nf4 Qe1+ 55. Kg4 Qg1+ 56. Kf5 Rf2 57. Bc5 Rxf4+ 58. Kxf4 Qxc5 59. h4 Kxc3 0-1

[Event "Montreal Perce Neige"]
[Site "Montreal"]
[Date "2019.03.31"]
[Round "4.4"]
[White "Adam, Rafael"]
[Black "Lesage, Philippe"]
[Result "1/2-1/2"]
[WhiteElo "1690"]
[BlackElo "1845"]
[PlyCount "78"]
[EventDate "2019.03.30"]
[EventType "swiss"]
[EventRounds "4"]
[EventCountry "CAN"]
[SourceTitle "EXT 2022"]
[Source "ChessBase"]
[SourceDate "2021.10.06"]
[SourceVersion "1"]
[SourceVersionDate "2021.10.06"]
[SourceQuality "1"]

1. d4 Nf6 2. c4 e6 3. Nc3 Bb4 4. a3 Bxc3+ 5. bxc3 b6 6. Nf3 Ne4 7. Qc2 Bb7 8. e3 0-0 9. Bd3 f5 10. 0-0 d6 11. Nd2 Nxd2 12. Bxd2 Qh4 13. f3 Nd7 14. Rab1 Nf6 15. a4 Rae8 16. a5 Bc6 17. axb6 axb6 18. Ra1 Ra8 19. Qb2 Qh5 20. Rxa8 Rxa8 21. Ra1 Qe8 22. Kf2 g6 23. Bc2 e5 24. Bb3 Kg7 25. Ra3 e4 26. f4 Ng4+ 27. Kg1 Qd8 28. h3 Nf6 29. Qa2 Rxa3 30. Qxa3 Qa8 31. Bc1 Qa5 32. Bb2 h6 33. Kf2 g5 34. g3 Qxa3 35. Bxa3 Kg6 36. Kg2 Nd7 37. Kf2 Nf6 38. Ke2 Nd7 39. Kf2 Nf6 1/2-1/2

[Event "Quebec-ch qual"]
[Site "Montreal"]
[Date "2019.02.03"]
[Round "3.5"]
[White "Tanaka, Taira Tyler"]
[Black "Adam, Rafael"]
[Result "1-0"]
[WhiteElo "2159"]
[BlackElo "1555"]
[PlyCount "150"]
[EventDate "2019.02.02"]
[EventType "swiss"]
[EventRounds "4"]
[EventCountry "CAN"]
[SourceTitle "EXT 2022"]
[Source "ChessBase"]
[SourceDate "2021.10.06"]
[SourceVersion "1"]
[SourceVersionDate "2021.10.06"]
[SourceQuality "1"]

1. e4 e5 2. Nf3 Nc6 3. Bb5 a6 4. Ba4 d6 5. c3 Nf6 6. 0-0 Bg4 7. h3 Bh5 8. Re1 Be7 9. d3 0-0 10. Nbd2 h6 11. Nf1 Bxf3 12. Qxf3 Qd7 13. Bb3 Nd8 14. Ng3 Ne6 15. Nf5 Kh7 16. h4 Ng8 17. h5 Bg5 18. d4 Bxc1 19. Raxc1 Ng5 20. Qd3 Rad8 21. Rcd1 Nf6 22. f4 exf4 23. Nxd6 cxd6 24. e5+ Nfe4 25. Bd5 Kh8 26. Bxe4 Nxe4 27. Qxe4 d5 28. Qxf4 Qe6 29. Rf1 Rd7 30. Rde1 Rc8 31. Re2 Rcc7 32. Ref2 Kg8 33. g4 Rc6 34. Rg2 Kh7 35. Kh2 f6 36. Qf5+ Qxf5 37. gxf5 Re7 38. Re1 Rc8 39. Rge2 Rce8 40. Kg3 Kg8 41. Kf4 Kf7 42. Re3 b5 43. R1e2 a5 44. exf6 Rxe3 45. Rxe3 gxf6 46. Rxe8 Kxe8 47. Ke3 Kd7 48. Kd3 Kc6 49. b3 a4 50. bxa4 bxa4 51. c4 dxc4+ 52. Kxc4 a3 53. d5+ Kd6 54. Kd4 Kd7 55. Kc5 Kc7 56. d6+ Kd8 57. Kb4 Kd7 58. Kxa3 Kxd6 59. Kb4 Ke5 60. a4 Kxf5 61. a5 Kg4 62. a6 Kxh5 63. a7 Kg4 64. a8Q h5 65. Qg2+ Kf5 66. Kc3 h4 67. Kd3 Kf4 68. Ke2 f5 69. Kf2 Ke5 70. Kf3 f4 71. Qg5+ Ke6 72. Qxh4 Kf5 73. Qh5+ Ke6 74. Kxf4 Kf6 75. Qh6+ Kf7 1-0

[Event "Quebec-ch qual"]
[Site "Montreal"]
[Date "2019.02.02"]
[Round "2.10"]
[White "Adam, Rafael"]
[Black "Perron, Bernard"]
[Result "1-0"]
[WhiteElo "1555"]
[BlackElo "1211"]
[PlyCount "61"]
[EventDate "2019.02.02"]
[EventType "swiss"]
[EventRounds "4"]
[EventCountry "CAN"]
[SourceTitle "EXT 2022"]
[Source "ChessBase"]
[SourceDate "2021.10.06"]
[SourceVersion "1"]
[SourceVersionDate "2021.10.06"]
[SourceQuality "1"]

1. c4 e5 2. Nf3 Nc6 3. Nc3 Nf6 4. d3 Bc5 5. g3 d6 6. Bg2 0-0 7. 0-0 a6 8. Bg5 Be6 9. Ne4 Ba7 10. Nxf6+ gxf6 11. Bh6 Re8 12. e4 Rb8 13. Nh4 Nd4 14. Nf5 Nxf5 15. Qg4+ Kh8 16. exf5 Rg8 17. Qh5 Rg5 18. Bxg5 fxg5 19. fxe6 f6 20. Be4 Qe7 21. h4 Rg8 22. hxg5 Rxg5 23. Qh3 Qg7 24. Kg2 c6 25. Rh1 h5 26. Bf3 Qh7 27. Bxh5 Rf5 28. Raf1 Rxh5 29. Qxh5 Qxh5 30. e7 Kg8 31. Rxh5 1-0

[Event "Quebec-ch qual"]
[Site "Montreal"]
[Date "2019.02.02"]
[Round "1.5"]
[White "Zhong, Kevin"]
[Black "Adam, Rafael"]
[Result "1-0"]
[WhiteElo "2171"]
[BlackElo "1555"]
[PlyCount "57"]
[EventDate "2019.02.02"]
[EventType "swiss"]
[EventRounds "4"]
[EventCountry "CAN"]
[SourceTitle "EXT 2022"]
[Source "ChessBase"]
[SourceDate "2021.10.06"]
[SourceVersion "1"]
[SourceVersionDate "2021.10.06"]
[SourceQuality "1"]

1. e4 c5 2. Ne2 e6 3. d4 cxd4 4. Nxd4 Nc6 5. Nc3 a6 6. Nxc6 bxc6 7. Bd3 Nf6 8. 0-0 Bc5 9. e5 Nd5 10. Ne4 Be7 11. Qg4 Rg8 12. Bg5 Bxg5 13. Nxg5 h6 14. Ne4 Kf8 15. c4 Nc7 16. Rfe1 Ne8 17. Re3 d5 18. exd6 Nxd6 19. Nxd6 Qxd6 20. Rd1 Qe7 21. Bc2 Ra7 22. Qf3 Rc7 23. Red3 Ke8 24. Rd6 Bd7 25. Ba4 g5 26. Rxd7 Rxd7 27. Qxc6 a5 28. Qxd7+ Qxd7 29. Rxd7 1-0